| 000 | 00636nmm a2200205Ia 4500 | ||
|---|---|---|---|
| 008 | 251105s9999||||xx |||||||||||||||||und|| | ||
| 020 | _a9788417996994 | ||
| 041 | _aspa | ||
| 100 | _aKorn, Wolfgang | ||
| 245 | 0 |
_aLa vuelta al mundo de unas zapatillas de deporte : _b Corre por tu vida |
|
| 264 |
_a[Madrid, España] : _bSiruela, _c2020 |
||
| 300 | _a256 páginas | ||
| 490 | _aLas Tres Edades / Nos Gusta Saber | ||
| 650 | _aTeen & Young Adult Non Fiction | ||
| 700 | _aKorn, Wolfgang | ||
| 700 | 1 | _a Jansen, Birgit | |
| 700 | 1 | _a Castelló, Alfonso | |
| 856 | _uhttps://public.digitaliapublishing.com/a/68501 | ||
| 942 | _cCF | ||
| 999 |
_c67536 _d67536 |
||